书目信息 |
| 题名: |
酶制剂工业
|
|
| 作者: | 张树政 主编 | |
| 分册: | 上册 | |
| 出版信息: | 北京 科学出版社 1984 |
|
| 页数: | 386页 | |
| 开本: | 25cm | |
| 丛书名: | ||
| 单 册: | ||
| 中图分类: | TQ925 | |
| 科图分类: | ||
| 主题词: | 酶制剂--生产工艺 | |
| 电子资源: | ||
| ISBN: | ||
| 000 | 00615nam0 2200229 45 | |
| 001 | 0184011262 | |
| 005 | 20060303112055.62 | |
| 010 | @dCNY3.80 | |
| 091 | @a13031.2607 | |
| 100 | @a19950404d1984 em y0chiy0121 ea | |
| 101 | 0 | @achi |
| 102 | @aCN@b110000 | |
| 105 | @ay z 000yy | |
| 200 | 10 | @a酶制剂工业@Amei zhi ji gong ye@h上册@f张树政主编@Fzhang shu zheng zhu bian |
| 210 | @a北京@c科学出版社@d1984 | |
| 215 | @a386页@d25cm | |
| 606 | @a酶制剂@x生产工艺 | |
| 690 | @aTQ925@v3 | |
| 701 | 0 | @a张树政@Azhang shu zheng@4主编 |
| 801 | 2 | @aCN@bNLC@c20060303 |
| 801 | 0 | @aCN@bTSSF |
| 905 | @a10447@dTQ925@e1:1 | |
| 酶制剂工业.上册/张树政主编.-北京:科学出版社,1984 |
| 386页;25cm |
| ISBN :CNY3.80 |
| ● |
| 相关链接 |
|
|
|
|
正题名:酶制剂工业
索取号:TQ925/1:1
 
预约/预借
| 序号 | 登录号 | 条形码 | 馆藏地/架位号 | 状态 | 备注 |
| 1 | 0119407 | 202174823 | 密集书库/ [索取号:TQ925/1:1] | 在馆 |